000 00590nmm a2200169Ia 4500
008 251105s9999||||xx |||||||||||||||||und||
020 _a9788437078922
041 _aspa
100 _aAguado Higón, Anna Maria
245 0 _aFeminismos y antifeminismos :
_b Culturas políticas e identidades de género en la España del siglo XX
264 _a[Madrid, España] :
_bPublicaciones de la Universidad de Valencia (PUV),
_c2011
300 _a368 páginas
490 _aOberta
650 _aGender and Women Studies
856 _uhttps://public.digitaliapublishing.com/a/34733
942 _cCF
999 _c82546
_d82546